000
00272nam a2200109Ia 4500
008
200302s9999 xx 000 0 und d
100
_a
Margot K.Krasojevic
245
_a
Spatial Pathology Floating Realities
260
_b
Springer Wien, NY
260
_c
2007
300
_a
111 P
999
_c
4853
_d
4853